| 000 | 01009cam a2200325 i 4500 | ||
|---|---|---|---|
| 001 | 19097020 | ||
| 003 | OSt | ||
| 005 | 20251022113751.0 | ||
| 008 | 160517s2015 ke b 000 0 eng | ||
| 010 | _a 2015333312 | ||
| 020 | _a9789966031846 | ||
| 035 | _a19097020 | ||
| 040 |
_aDLC _beng _cDLC _erda |
||
| 042 | _alcode | ||
| 043 | _af-ke--- | ||
| 050 | 0 | 0 |
_aKSK658 _b.O385 2015 |
| 100 | 1 | _aOjienda, Tom O. | |
| 245 | 1 | 0 |
_aLand law and conveyancing : _bprinciples and practice / _cProf. Tom Ojienda, SC. |
| 264 | 1 |
_aNairobi, Kenya : _bLawAfrica Publishing (K) Ltd., _c[2015] |
|
| 300 |
_axxxviii, 274 pages ; _c21 cm |
||
| 336 |
_atext _2rdacontent |
||
| 337 |
_aunmediated _2rdamedia |
||
| 338 |
_avolume _2rdacarrier |
||
| 504 | _aIncludes bibliographical references (pages 267-274). | ||
| 650 | 0 |
_aReal property _zKenya. |
|
| 650 | 0 |
_aConveyancing _zKenya. |
|
| 906 |
_a7 _bcbc _corigode _d2 _encip _f20 _gy-gencatlg |
||
| 942 |
_2lcc _cBK |
||
| 999 |
_c265020 _d265019 |
||